• 首页
  • 本馆介绍
  • 公告通知
  • 最新文献
  • 馆藏检索
  • 电子资源
  • 读者导购
  • 参考咨询
  • 我的图书馆
  • 登录
  • 详细信息显示
  • 放入我的书架
  • 预约/预借图书
  • 作者相关作品
  • 分类相关作品
  • 丛书相关作品
  • 出版社相关作品

书目信息

  • 表格格式
  • 工作单格式
  • 卡片格式
题名:
语文课上的滋养与成长
    
 
作者: 邱梦桦 著
分册:  
出版信息: 长春   吉林文史出版社有限责任公司  2022.04
页数: 279页
开本: 24cm
丛书名: 名师名校名校长书系
单 册:
中图分类: G623.232 , G623.242
科图分类:
主题词: 阅读课--教学研究--小学 , 作文课--教学研究--小学
电子资源:
ISBN: 978-7-5472-7642-6
000 00953nam0 2200265 450
001 012001000814
005 20140201083330.0
010    @a978-7-5472-7642-6@dCNY45.00
100    @a20220905d2021 em y0chiy50 ea
101 0  @achi
102    @aCN@b220000
105    @aa z 000yy
106    @ar
200 1  @a语文课上的滋养与成长@Ayu wen ke shang de zi yang yu cheng zhang@e小学语文阅读与习作教学探索@f邱梦桦著
210    @a长春@c吉林文史出版社有限责任公司@d2022.04
215    @a279页@c图,照片@d24cm
225 1  @a名师名校名校长书系
330    @a本书共分为四章,内容包括:追求磨砺洗礼,凝练教学的风格;聚焦教学设计,浸润语文的滋养;提炼教学研究,提升成长的高度;迈步走向远方,绽放智慧的芬芳。
606 0  @a阅读课@x教学研究@x小学
606 0  @a作文课@x教学研究@x小学
690    @aG623.232@v5
690    @aG623.242@v5
701  0 @a邱梦桦@Aqiu meng hua@c(初等教育)@4著
801  0 @aCN@bAHXH@c20221111
905    @b1365117-21@dG623.232@e2668@f5
    
    语文课上的滋养与成长:小学语文阅读与习作教学探索/邱梦桦著.-长春:吉林文史出版社有限责任公司,2022.04
    279页:图,照片;24cm.-(名师名校名校长书系)
    
    
    ISBN 978-7-5472-7642-6:CNY45.00
    本书共分为四章,内容包括:追求磨砺洗礼,凝练教学的风格;聚焦教学设计,浸润语文的滋养;提炼教学研究,提升成长的高度;迈步走向远方,绽放智慧的芬芳。
●
相关链接 在E读中查询图书 在五车中查询图书 在当当中查询图书 在豆瓣中查询图书


正题名:语文课上的滋养与成长     索取号:G623.232/2668         预约/预借

序号 登录号 条形码 馆藏地/架位号 状态 备注
1 1365117   213651172   第一样本阅览室/ [索取号:G623.232/2668] 在馆    
2 1365118   213651181   教育系资料室/ [索取号:G623.232/2668] 在馆    
3 1365119   213651190   教育系资料室/ [索取号:G623.232/2668] 在馆    
4 1365120   213651207   第四借阅区/ [索取号:G623.232/2668] 在馆    
5 1365121   213651216   第四借阅区/ [索取号:G623.232/2668] 在馆    
唐山师范学院图书馆 欢迎您!
大连网信软件有限公司© 版权所有